000 00768nam a2200217Ia 4500
003 CO-CtgCURN
005 20250410185406.0
008 190722s9999 xx 000 0 und d
020 _a9586532976
040 _aCO-CtgCURN
_bspa
_ccoctgcurn
082 _a342.861
_bH557p
100 _aHernandez Galindo, Jose Gregorio
245 0 _aPoder y constitucion :
_bel actual constitucionalismo colombiano /
_cJose Gregorio Hernandez Galindo
260 _aBogotá, Colombia :
_bLegis,
_c2001
300 _a434 páginas ;
_c23 centímetros
521 _aAREA PROFESIONAL
590 _aPrograma de Derecho_18
650 _aDerecho constitucional
942 _cBK
_h342.861
_iH557p
_2ddc
_n0
999 _c28526
_d28526